00672cam a2200217 i 45000010005000000030008000050050017000130080039000300350018000690400027000870410011001140820025001252450104001502500012002542600037002663000020003035040041003236500032003647000027003967000031004237623BD-RjUL20211208234440.0140126s1977 ii 000 0 eng a(BD-RjUL)7667 aDLCcDLCdBD-RjULbeng1 aengben00a891.441008bRoo 197710aRoots in the void :bBaul songs of Bengal /ctranslated by Alokeranjan Dasgupta, Mary Ann Dasgupta. a1st ed. aCalcutta :bK. P. Bagchi,c1977. a79 p. ;c22 cm. aIncludes bibliographical references. 0aFolk songs, BengalixTexts.1 aDasgupta, Alokeranjan.1 aDasgupta, Mary Ann,d1937-